000
00296nam a22001337a 4500
008
170503b xxu||||| |||| 00| 0 eng d
020
_a
9780813381824
041
_a
eng
080
_a
342
100
_a
13
101
_a
SHJ
245
_a
INTERNATIONAL HUMA RIGHT
_c
DONNELLY.J
942
_2
udc
_c
BK
999
_c
12572
_d
12572